000 01499nam a2200265Ia 4500
999 _c55496
_d55496
001 22578
003 GE_BSU
005 20250903184600.0
008 181216s||||||||xx |||||||||||||| ||und||
040 _cGE_BSU
041 _ageo
080 _a27-29 ბ-96
245 _aბუნება-ღმერთის შემოქმედება /
_cშემდგენელი ლელა ჩხარტიშვილი ; მხატვარი ლევან სილაგაძე.
264 _aთბილისი :
_b(შპს "კოლორი"),
_c2018.
300 _a164 გვ. ;
_c20 სმ.
490 _aმეგზური სიკეთის სამყაროში / პროექტის ავტორი და რედაქტორი თამარ მამაცაშვილი
_v 4
500 _aწიგნი მომზადებულია გამომცემლობა "პალიტრა L"-ის მიერ ჟურნალ კარიბჭესთან" პარტნიორობით
541 _h4 ლ.
653 _aბუნება-ღმერთის შემოქმედება
653 _aრელიგია
653 _aქრისტიანობა
700 _aჩხარტიშვილი, ლელა
_eშემდგენელი
_925767
700 _aსილაგაძე, ლევან
_eმხატვარი
_925773
942 _cBK
_2udc